Vista normal
Vista MARC
Entrada Topical Term
Número de registros utilizados en: 1
001 - CONTROL NUMBER
- control field: 44343
003 - CONTROL NUMBER IDENTIFIER
- control field: OSt
005 - DATE AND TIME OF LATEST TRANSACTION
- control field: 20250925135143.0
008 - FIXED-LENGTH DATA ELEMENTS
- fixed length control field: 250925|| aca||aabn | a|a d
040 ## - CATALOGING SOURCE
- Original cataloging agency: OSt
- Transcribing agency: OSt
150 ## - HEADING--TOPICAL TERM
- Topical term or geographic name entry element: Alcaldes
- Geographic subdivision: Colombia
- Geographic subdivision: Bucaramanga
- Form subdivision: Biography
670 ## - SOURCE DATA FOUND
- Source citation: Work cat.: (OSt)31087: Gavassa Villamizar, Edmundo, 1940- autor. 44342, Bucaramanga y sus alcaldes, 1622-2004 /, 2004.